Normal view
MARC view
- Kaufman, Charlie
Entry Personal Name
001 - CONTROL NUMBER
- control field: 100692
003 - CONTROL NUMBER IDENTIFIER
- control field: NUST
005 - DATE AND TIME OF LATEST TRANSACTION
- control field: 20221018161740.0
008 - FIXED-LENGTH DATA ELEMENTS
- fixed length control field: 221018|| aca||aabn | a|a d
040 ## - CATALOGING SOURCE
- Original cataloging agency: NUST
- Transcribing agency: NUST
100 ## - HEADING--PERSONAL NAME
- Personal name: Kaufman, Charlie
670 ## - SOURCE DATA FOUND
- Source citation: Work cat.: (NUST)179684: Kaufman, Charlie., Network security :, c2002.
